| 000 | 01279nam0a2200361 4500 | ||
|---|---|---|---|
| 001 | RU\NLR\bibl\1439967 | ||
| 005 | 20260405084010.0 | ||
| 010 |
_a978-5-17-059088-9 _bв пер. _94000 |
||
| 021 |
_aRU _b2009-76886 _94811 |
||
| 035 | _a(nilc)RSL-KNO-004388053 | ||
| 035 | _a(NLR Aleph) 001431827 | ||
| 090 |
_a1407504 _c1407504 |
||
| 100 | _a20090918d2009 |||y0rusy50 ca | ||
| 101 | 0 | _arus | |
| 102 | _aRU | ||
| 105 | _aa zzzz||||| | ||
| 200 | 1 |
_aВсе загадки Земли _fВладимир Бабанин |
|
| 210 |
_aМосква _cАСТ _aСанкт-Петербург _cСОВА _d2009 |
||
| 215 |
_a635, [2] с. _cил., портр., табл. _d24 |
||
| 225 | 1 | _aКнига-сенсация | |
| 320 | _aБиблиогр.: с. 614-619 | ||
| 606 | 1 |
_aВсеобщая история _xОригинальные теории _92074681 _3RU\NLR\auth\661249692 |
|
| 686 |
_aБ,0 _2rubbk |
||
| 686 |
_aТ3(0)0,02 _2rubbk |
||
| 686 |
_aТ089.9,0 _2rubbk |
||
| 686 | _aТ3(0)0,02 | ||
| 700 | 1 |
_4070 _8rus _7ca _aБабанин _bВ. П. _f1936- _gВладимир Петрович _3RU\NLR\auth\7730326 _913350 |
|
| 801 | 0 |
_aRU _bРКП _c20090918 _grcr |
|
| 801 | 1 |
_aRU _bРГБ _c20090918 |
|
| 801 | 2 |
_aRU _bNLR _c20091118 _grcr |
|
| 942 | _cBOOK | ||
| 980 | _aNB | ||